000 00367nam a2200133Ia 4500
008 220217s9999||||xx |||||||||||||| ||und||
020 _a9788126523078
082 _a621.381 RAZ
100 _aRazavi, Behzad
_93085
245 0 _aFundamentals of micrelectronics
260 _aWiley india
_bNew Delhi
_c2012
300 _aXXIII, 936p.
_b579
650 _aELECTRONICS
999 _c184525
_d184525